Southville International School and Colleges
Your cart is empty.
  • Cart
  • Lists
    Public lists Eva Luna New books Lux_list list_1
    Your lists Log in to create your own lists
  • Log in to your account
  • Your cookies
  • Search history
Southville International School and Colleges
  • Advanced search
  • Recent comments
  • Most popular
  • Libraries

Log in to your account

Log in with GOOGLE


If you do not have an external account, but do have a local account, you can still log in:

  1. Home
  2. MARC view: The war against hope :
Normal view MARC view ISBD view

The war against hope : (Record no. 283308)

[ view plain ]
MARC details
000 -LEADER
fixed length control field 00479nam a2200133Ia 4500
008 - FIXED-LENGTH DATA ELEMENTS--GENERAL INFORMATION
fixed length control field 150223s9999 xx 000 0 und d
020 ## - INTERNATIONAL STANDARD BOOK NUMBER
International Standard Book Number 9781595550026
050 ## - LIBRARY OF CONGRESS CALL NUMBER
Classification number LB 2844.53
Item number .U6P34 2007
100 ## - MAIN ENTRY--PERSONAL NAME
Personal name Paige, Rod.
245 #4 - TITLE STATEMENT
Title The war against hope :
Remainder of title how teachers' union hurt children, hinder teachers and endanger public education /
Statement of responsibility, etc Rod Paige.
260 ## - PUBLICATION, DISTRIBUTION, ETC. (IMPRINT)
Place of publication, distribution, etc Nashville, Tennesse :
Name of publisher, distributor, etc Thomas Nelson Inc.,
Date of publication, distribution, etc 2007
300 ## - PHYSICAL DESCRIPTION
Extent 224 pages :
Dimensions 24 cm.
504 ## - BIBLIOGRAPHY, ETC. NOTE
Bibliography, etc Includes appendix.

No items available.

The war against hope :

APA

Paige R., . (2007). The war against hope. Nashville, Tennesse: Thomas Nelson Inc.

Chicago

Paige Rod, . 2007. The war against hope. Nashville, Tennesse: Thomas Nelson Inc.

Harvard

Paige R., . (2007). The war against hope. Nashville, Tennesse: Thomas Nelson Inc.

MLA

Paige Rod, . The war against hope. Nashville, Tennesse: Thomas Nelson Inc. 2007.

  • Print
  • Cite
  • Add to your cart (remove)
  • Save record
    BIBTEX Dublin Core MARCXML MARC (non-Unicode/MARC-8) MARC (Unicode/UTF-8) MARC (Unicode/UTF-8, Standard) MODS (XML) RIS
  • More searches
    Search for this title in:
    Other Libraries (WorldCat) Other Databases (Google Scholar) Online Stores (Bookfinder.com) Open Library (openlibrary.org)

Exporting to Dublin Core...

SOUTHVILLE LIBRARY

Southville International School and Colleges Library

1281 Tropical Ave. Cor. Luxembourg St., BF Homes International, Las Pinas City

Tel. No. 8256374 / 252358 Loc. 117/146

Powered by Koha